|
|
|
|
| LEADER |
00000cam a2200000 a 4500 |
| 001 |
vtls010693867 |
| 003 |
SK-MaSNL |
| 005 |
20260301091110.0 |
| 008 |
240318s2015 xo a c 000 0 slo |
| 015 |
|
|
|a SNBA2015/08
|
| 020 |
|
|
|a 9788010028535
|q (brož.)
|
| 035 |
|
|
|a C6ED8599-7409-45CD-8A20-210C8D230384
|
| 035 |
|
|
|a urn:nbn:sk:snk-amjzy9
|
| 035 |
|
|
|a urn:nbn:sk:snk-am007zw5
|
| 040 |
|
|
|a SNK
|b slo
|c SNK
|e AACR2
|
| 041 |
0 |
|
|a slo
|
| 044 |
|
|
|a xo
|c SK
|
| 072 |
|
7 |
|a 51
|x Matematika
|2 konspekt
|
| 080 |
|
|
|a 51
|2 2001
|
| 080 |
|
|
|a (075.2)
|2 2001
|
| 080 |
|
|
|a (076.1)
|2 2001
|
| 100 |
1 |
|
|a Krejza, Lumír
|4 aut
|9 303913
|
| 245 |
1 |
0 |
|a Matematika
|b pre 6. ročník špeciálnej základnej školy : pracovný zošit
|n 1. časť
|c [Lumír Krejza ; illustrations Ivan Kováčik]
|
| 250 |
|
|
|a 11. vyd.
|
| 260 |
|
|
|a Bratislava
|b Slovenské pedagogické nakladateľstvo - Mladé letá
|c 2015
|
| 300 |
|
|
|a 64 s., [4] s. ilustr. príl.
|b fareb. ilustr.
|c 30 cm
|
| 650 |
0 |
7 |
|a matematika
|2 SNKPH
|9 70174
|
| 650 |
0 |
7 |
|a Mathematics
|2 SNKPHeng
|9 265620
|
| 655 |
|
7 |
|a učebnice špeciálnych základných škôl
|2 SNKPH
|9 70204
|
| 655 |
|
7 |
|a pracovné zošity
|2 SNKPH
|9 70188
|
| 655 |
|
7 |
|a Textbooks (elementary)
|2 SNKPHeng
|9 276977
|
| 655 |
|
7 |
|a Activity books
|2 SNKPHeng
|9 302885
|
| 700 |
1 |
|
|a Kováčik, Ivan
|4 ill
|9 6562
|
| 852 |
|
|
|a Štátna vedecká knižnica v Banskej Bystrici
|
| 919 |
|
|
|a 978-80-10-02853-5
|
| 958 |
|
|
|a OND
|
| 999 |
|
|
|c 670149
|d 672079
|
| 952 |
|
|
|a SNK
|b SNK
|y PREZ
|7 0
|p 17A1168765
|o snkSB 88614/1
|i snk2015/22560
|8 0
|0 0
|1 0
|4 0
|d 2015-07-22
|f 1
|l 0
|r 2025-05-13 00:00:00
|w 2026-02-23
|
| 952 |
|
|
|a SNK
|b SNK
|y VYP
|7 0
|p 17A1168766
|o snkSB 88614/1 D1
|i snk2015/22561
|8 0
|0 0
|1 0
|4 0
|d 2015-07-22
|l 0
|r 2026-02-23 19:23:53
|w 2026-02-23
|